书目信息 |
| 题名: |
银行VS骗子
|
|
| 作者: | 冯敏飞 编著 | |
| 分册: | ||
| 出版信息: | 北京 中国经济出版社 2002.07 |
|
| 页数: | 364页 | |
| 开本: | 20cm | |
| 丛书名: | ||
| 单 册: | ||
| 中图分类: | D924.335 | |
| 科图分类: | ||
| 主题词: | 法律--中国 | |
| 电子资源: | ||
| ISBN: | 7-5017-5569-8 | |
| 000 | 00689nam0 2200217 450 | |
| 001 | 0760706686 | |
| 005 | 20071213165237.77 | |
| 010 | @a7-5017-5569-8@dCNY19.80 | |
| 100 | @a20071213d2002 km y0chiy0120 ea | |
| 101 | 0 | @achi |
| 102 | @aCN@b110000 | |
| 200 | 1 | @a银行VS骗子@Ayin hang VS pian zi@e银行知识与金融防诈@f冯敏飞编著@Ffeng min fei bian zhu |
| 210 | @a北京@c中国经济出版社@d2002.07 | |
| 215 | @a364页@d20cm | |
| 517 | 1 | @a银行知识与金融防诈@Ayin hang zhi shi yu jin rong fang zha |
| 606 | 0 | @a法律@x中国 |
| 690 | @aD924.335@v4 | |
| 701 | 0 | @a冯敏飞@Afeng min fei@4编著 |
| 801 | 0 | @aCN@b大连网信软件有限公司图书馆@c20071213 |
| 905 | @aBZT@dD924.335@e5 | |
| 906 | @dCNY19.80@n0@r1 | |
| 银行VS骗子:银行知识与金融防诈/冯敏飞编著.-北京:中国经济出版社,2002.07 |
| 364页;20cm |
| ISBN 7-5017-5569-8:CNY19.80 |
| ● |
| 相关链接 |
|
|
|
正题名:银行VS骗子
索取号:D924.335/5
 
预约/预借
| 序号 | 登录号 | 条形码 | 馆藏地/架位号 | 状态 | 备注 |
| 1 | 634800 | 2000634800 | 中心书库南/014架A面4层3列/ [索取号:D924.335/5] | 在馆 | |
| 2 | 634801 | 2000634801 | 中心书库南/014架A面7层3列/ [索取号:D924.335/5] | 在馆 | |
| 3 | 634802 | 2000634802 | 中心书库南/014架A面4层3列/ [索取号:D924.335/5] | 在馆 | |
| 4 | 634803 | 2000634803 | 中心书库南/014架A面4层3列/ [索取号:D924.335/5] | 在馆 | |
| 5 | 634804 | 2000634804 | 中心书库南/014架A面4层3列/ [索取号:D924.335/5] | 在馆 | |
| 6 | 634805 | 2000634805 | 中心书库南/014架A面4层3列/ [索取号:D924.335/5] | 在馆 | |
| 7 | 634806 | 2000634806 | 中心书库南/014架A面4层3列/ [索取号:D924.335/5] | 在馆 | |
| 8 | 634807 | 2000634807 | 中心书库南/014架A面4层3列/ [索取号:D924.335/5] | 在馆 | |
| 9 | 634808 | 2000634808 | 中心书库南/014架A面4层3列/ [索取号:D924.335/5] | 在馆 | |
| 10 | 634809 | 2000634809 | 中心书库南/014架A面4层3列/ [索取号:D924.335/5] | 在馆 |